[Event "Getxo op 4th"]
[Site "Getxo"]
[Date "2019.09.12"]
[Round "6"]
[White "Fernandez Almeida, Joseba"]
[Black "Martin Ibisate, Xabier"]
[Result "1/2-1/2"]
[WhiteElo "1870"]
[BlackElo "1831"]
[PlyCount "60"]
[EventDate "2019.09.08"]
[EventType "swiss"]
[EventRounds "9"]
[EventCountry "ESP"]
[SourceTitle "EXT 2020"]
[Source "ChessBase"]
[SourceDate "2019.10.17"]
[SourceVersion "1"]
[SourceVersionDate "2019.10.17"]
[SourceQuality "1"]

1. e4 c5 2. Nf3 e6 3. Nc3 Nc6 4. d4 cxd4 5. Nxd4 Nf6 6. Ndb5 Bb4 7. Nd6+ Ke7 8. Nxc8+ Rxc8 9. Bd3 d5 10. exd5 Nxd5 11. Bd2 Bxc3 12. bxc3 Ne5 13. 0-0 Nxd3 14. cxd3 Nxc3 15. Qb3 Ne2+ 16. Kh1 Qd7 17. Qa3+ Kf6 18. Qxa7 Qxd3 19. Rad1 Qe4 20. Qa5 h6 21. Rde1 Rhd8 22. Be3 Qd3 23. Qh5 Rc2 24. Qf3+ Kg6 25. Qxb7 Rxa2 26. Qf3 Qf5 27. Qc6 Qd5 28. Qb6 Qd3 29. Qb4 Rd5 30. Qg4+ Kh7 1/2-1/2

[Event "Getxo op 4th"]
[Site "Getxo"]
[Date "2019.09.09"]
[Round "3"]
[White "Robledinos Sanchez, Jorge"]
[Black "Fernandez Almeida, Joseba"]
[Result "0-1"]
[WhiteElo "1607"]
[BlackElo "1870"]
[PlyCount "42"]
[EventDate "2019.09.08"]
[EventType "swiss"]
[EventRounds "9"]
[EventCountry "ESP"]
[SourceTitle "EXT 2020"]
[Source "ChessBase"]
[SourceDate "2019.10.17"]
[SourceVersion "1"]
[SourceVersionDate "2019.10.17"]
[SourceQuality "1"]

1. e4 e6 2. d4 d5 3. exd5 exd5 4. g3 Bd6 5. Bg2 Ne7 6. Ne2 0-0 7. 0-0 Bf5 8. c4 c6 9. cxd5 Nxd5 10. Nbc3 Nf6 11. d5 cxd5 12. Nxd5 Nc6 13. Bg5 Be7 14. Nxe7+ Qxe7 15. Re1 Rfe8 16. a3 h6 17. Bf4 Rad8 18. Qa4 Nd4 19. Nxd4 Qxe1+ 20. Rxe1 Rxe1+ 21. Bf1 Bh3 0-1

[Event "Getxo op 2nd"]
[Site "Getxo"]
[Date "2017.09.11"]
[Round "5"]
[White "Brusi Noguera, Ricardo Ll"]
[Black "Fernandez Almeida, Joseba"]
[Result "1-0"]
[WhiteElo "2152"]
[BlackElo "1811"]
[PlyCount "75"]
[EventDate "2017.09.09"]
[EventType "swiss"]
[EventRounds "9"]
[EventCountry "ESP"]
[SourceTitle "CBM 180 Extra"]
[Source "ChessBase"]
[SourceDate "2017.10.06"]
[SourceVersion "1"]
[SourceVersionDate "2017.10.06"]
[SourceQuality "1"]

1. d4 e6 2. c4 Nf6 3. Nc3 Bb4 4. f3 0-0 5. a3 Bxc3+ 6. bxc3 d5 7. cxd5 exd5 8. e3 Re8 9. Bd3 b6 10. Ne2 Ba6 11. 0-0 Bxd3 12. Qxd3 c6 13. Ng3 Nbd7 14. Ra2 Qc7 15. e4 dxe4 16. fxe4 Rad8 17. Qf3 Rf8 18. Bf4 Qb7 19. Bd6 c5 20. Bxf8 Rxf8 21. Re2 Ne8 22. Nf5 Ndf6 23. e5 Qxf3 24. Rxf3 Nd5 25. c4 Ndc7 26. Ne7+ Kh8 27. d5 f6 28. Re4 g6 29. Ref4 Kg7 30. d6 Ne6 31. d7 N8c7 32. Rxf6 Rxf6 33. Rxf6 Nd8 34. Nc6 Nce6 35. Rxe6 Nxe6 36. d8Q Nxd8 37. Nxd8 Kf8 38. Kf2 1-0